| 000 | 01035nam a2200229Ia 4500 | ||
|---|---|---|---|
| 999 |
_c52434 _d52434 |
||
| 001 | 19456 | ||
| 003 | GE_BSU | ||
| 005 | 20251103150311.0 | ||
| 008 | 181216s1955||||ge |||||||||||||| ||geo|| | ||
| 040 | _cGE_BSU | ||
| 041 | _ageo | ||
| 080 | _a81'1(075.8) ბ-96 | ||
| 100 |
_aბულახოვსკი, ლ.ა. _926148 |
||
| 245 |
_aენათმეცნიერების შესავალი : _b[სახელმძღვანელო სახელმწ. უნ-ტებისა და პედ. ინ-ტებისათვის]. ნაწ. 2 / _cლ.ა. ბულახოვსკი. |
||
| 264 |
_aთბილისი : _bთბილ. უნ-ტის გამ-ბა, _c1955. |
||
| 300 |
_a207 გვ.; _b22 სმ. |
||
| 504 | _aბიბლიოგრაფია შენიშვნებში. | ||
| 541 | _h70თ. | ||
| 653 | _aენათმეცნიერება | ||
| 653 | _aენათმეცნიერების შესავალი | ||
| 942 |
_cBK _2udc |
||